| 000 | 01582cam a2200361 a 4500 | ||
|---|---|---|---|
| 001 | EDZ0000019129 | ||
| 003 | StDuBDS | ||
| 005 | 20161031105214.0 | ||
| 006 | m||||||||d|||||||| | ||
| 007 | cr ||||||||||| | ||
| 008 | 110107s2006 caua fo 001|0|eng d | ||
| 020 |
_a9781412976626 (ebook) : _cNo price |
||
| 040 |
_aStDuBDS _beng _cStDuBDS _epn |
||
| 049 | _aAlfaisal Main Library | ||
| 050 | 4 | _aBF76.5 | |
| 082 | 0 | 4 |
_a150.72 _222 |
| 245 | 0 | 4 |
_aThe psychology research handbook _h[electronic resource] : _ba guide for graduate students and research assistants / _c[edited by] Frederick T.L. Leong and James T. Austin. |
| 250 | _a2nd ed. | ||
| 260 |
_aThousand Oaks ; _aLondon : _bSAGE, _c2006. |
||
| 300 |
_a1 online resource (xvii, 516 p.) : _bill. |
||
| 520 | 8 | _aThis research guide includes practical instructions for graduate students and research assistants on the process of research planning and design, data collection and analysis and the writing of results. It also features chapters co-written by advanced research students providing real-world examples. | |
| 521 | _aSpecialized. | ||
| 588 | _aDescription based on print version record. | ||
| 504 | _aIncludes bibliographical references and index. | ||
| 650 | 0 |
_aPsychology _xResearch _xMethodology. |
|
| 655 | 7 |
_aElectronic books. _2local |
|
| 700 | 1 | _aLeong, Frederick T. L. | |
| 700 | 1 | _aAustin, James T. | |
| 710 | 2 | _aSage eBooks | |
| 776 | 0 | 8 |
_iPrint version : _z9780761930211 |
| 856 | 4 | 0 | _uhttp://ezproxy.alfaisal.edu/login?url=http://sk.sagepub.com/reference/hdbk_psychrsch |
| 942 |
_2lcc _cEBOOKS |
||
| 999 |
_c481648 _d481648 |
||